000 00352pab a2200157 454500
008 180718b2001 xxu||||| |||| 00| 0 eng d
100 _aLal, A.K.
245 _aSocial life in slums
260 _c2001
300 _ap.69-75
362 _aMar
650 _aSocial participation
650 _aSlums
773 _aMan and Development
909 _a48313
999 _c48313
_d48313